000 00697cab a2200205 4500
001 WB2644-05
008 090401t1990 xxu||||| |||| 00| 0 eng d
035 _a(Sirsi) u14969
041 _aeng
245 _aInvestors drop Frankfurt and Paris
260 _c1990
350 _a0
490 _aEstates Times
_vno 1071 2/11/90 p1
520 _aJLW and Prudential Insurance of America are targeting in Europe only London for their joint investment , spurning Frankfurt and Paris which they feel are overpriced.
650 _aBROADGATE
650 _aGLOBAL PROPERTY FUND
690 _aPROPERTY-COMMERCIAL PROPERTY-COMMERCIAL PROPERTY FINANCE AND INVESTMENT
942 _n0
948 _c04/03/1997
999 _c9774
_d9774